00521 2200169 4500001002100000005001500021008004100036020001800077035001900095041000700114082001000121090001600131245013400147260002400281300003300305650001300338INLIS00000000000287720241224112622241224||||||||| | ||| |||| || |  a979-8026-82-9 0010-1224002877 aen0 a915.9 a915.9 SOE c00aChallenges Facing The ASEAN Peoples : Report Of The Second ASEAN People's Assembly Bali (Indonesia), 30 August - 1 September 2002 aJakartabCSISc2003 aviii, 360 hlm.; ilus.: 25 cm 0aBiografi